| 000 | 00453nam a2200157Ia 4500 | ||
|---|---|---|---|
| 008 | 230312s9999||||xx |||||||||||||| ||und|| | ||
| 020 | _a0-03-004382-4 | ||
| 082 |
_a658.15 _bBRI |
||
| 100 | _aEUGENE F. BRIGHAM | ||
| 245 | 0 | _aFundamentals of Financial Management | |
| 260 |
_bTHE DRYDEN PRESS _aChicago _c1986 |
||
| 300 | _a763 | ||
| 546 | _aEng. | ||
| 650 |
_aManagement _vOverview of Financial Management, Discounted Cash Flow Analysis |
||
| 942 | _cBK | ||
| 999 |
_c921 _d921 |
||